Minecraft Structures by Picture - Statistics

General Stats
  • This quiz has been taken 332 times
  • The average score is 24 of 32
Answer Stats
Picture Hint Answer % Correct
Abandoned Mineshaft
97%
Buried Treasure
92%
Coral Reef
89%
Bastion Remnant
86%
End Ship
86%
Jungle Temple
86%
Removed Brick Pyramid
85%
End City
85%
Igloo
85%
Monster Room
84%
Ruined Portal
84%
Desert Well
81%
Amethyst Geode
79%
Ancient City
79%
Exit Portal
79%
Pillager Outpost
79%
Village
79%
Woodland Mansion
78%
Nether Fortress
77%
Shipwreck
77%
Swamp Hut
77%
Stronghold
76%
End Spike
75%
Ocean Monument
74%
Desert Pyramid
71%
Fossil
71%
Nether Fossil
65%
Trial Chamber
61%
Removed Starting House
57%
Ocean Ruins
53%
End Gateway
51%
Trail Ruins
37%
No matching quizzes found
Score Distribution
Percent of People with Each Score
Percentile by Number Answered
Your Score History
You have not taken this quiz